Případové studie z matematického programování
Gespeichert in:
| 1. Verfasser: | |
|---|---|
| Körperschaft: | |
| Weitere Verfasser: | , |
| Format: | Buch |
| Sprache: | Tschechisch |
| Veröffentlicht: |
Praha
Státní pedagogické nakladatelství
1982
|
| Tags: |
Keine Tags, Fügen Sie das erste Tag hinzu!
|
MARC
| LEADER | 00000nam a2200000 4500 | ||
|---|---|---|---|
| 001 | c131563 | ||
| 005 | 20190201112523.9 | ||
| 041 | 0 | |a cze | |
| 044 | |a CZ | ||
| 245 | 1 | 0 | |a Případové studie z matematického programování |c Roman Hušek, Stanislav Vejmola, Miroslav Havelka |
| 264 | 1 | |a Praha |b Státní pedagogické nakladatelství |c 1982 | |
| 300 | |a 118 s. | ||
| 100 | 1 | |a Hušek, Roman | |
| 700 | 1 | |a Vejmola, Stanislav | |
| 700 | 1 | |a Havelka, Miroslav | |
| 710 | 2 | |a Vysoká škola ekonomická v Praze. Fakulta řízení | |